[Event "Vienna 4Kids op"]
[Site "Vienna"]
[Date "2010.11.21"]
[Round "6.10"]
[White "Blohberger, Felix"]
[Black "Paeck, Michael"]
[Result "1-0"]
[WhiteElo "1541"]
[BlackElo "1273"]
[PlyCount "39"]
[EventDate "2010.10.26"]
[EventType "swiss"]
[EventRounds "9"]
[EventCountry "AUT"]
[SourceTitle "EXT 2024"]
[Source "ChessBase"]
[SourceDate "2023.10.10"]
[SourceVersion "1"]
[SourceVersionDate "2023.10.10"]
[SourceQuality "1"]

1. e4 e5 2. Nf3 Nc6 3. d4 d6 4. Bb5 a6 5. Bxc6+ bxc6 6. dxe5 a5 7. 0-0 Be7 8. Bf4 Ba6 9. Re1 d5 10. exd5 cxd5 11. Nc3 Bb4 12. Qxd5 Qxd5 13. Nxd5 Bxe1 14. Nxc7+ Ke7 15. Nxa8 Bb4 16. Nc7 Bb7 17. Nh4 h6 18. Rd1 g5 19. Nf5+ Kf8 20. Rd8# 1-0

[Event "Vienna 4Kids op"]
[Site "Vienna"]
[Date "2010.10.26"]
[Round "2.8"]
[White "Paeck, Michael"]
[Black "Hoegl, Emanuel"]
[Result "0-1"]
[WhiteElo "1273"]
[BlackElo "1426"]
[PlyCount "94"]
[EventDate "2010.10.26"]
[EventType "swiss"]
[EventRounds "9"]
[EventCountry "AUT"]
[SourceTitle "EXT 2024"]
[Source "ChessBase"]
[SourceDate "2023.10.10"]
[SourceVersion "1"]
[SourceVersionDate "2023.10.10"]
[SourceQuality "1"]

1. e4 c6 2. Nf3 d5 3. Nc3 dxe4 4. Nxe4 Bf5 5. Nc3 e6 6. Bc4 h6 7. d4 Nf6 8. Bf4 Bd6 9. Be3 Nbd7 10. 0-0 Qc7 11. h3 0-0 12. Bd3 Bxd3 13. Qxd3 Bf4 14. g3 Bxg3 15. fxg3 Qxg3+ 16. Kh1 Qxh3+ 17. Nh2 Ng4 18. Bf4 Qxd3 19. cxd3 Nxh2 20. Kxh2 g5 21. Be3 f5 22. Rf3 f4 23. Bd2 Kg7 24. Ne4 Kg6 25. Rg1 e5 26. Bb4 Rh8 27. Bc3 exd4 28. Bxd4 Rhf8 29. Bc5 Nxc5 30. Nxc5 Rae8 31. Nd7 Rf7 32. Nc5 Re2+ 33. Rg2 Rxg2+ 34. Kxg2 g4 35. Rf1 h5 36. Re1 b6 37. Re6+ Rf6 38. Rxf6+ Kxf6 39. Ne4+ Ke5 40. Ng5 h4 41. Nf7+ Kd4 42. Nh6 f3+ 43. Kg1 g3 44. Nf5+ Kxd3 45. Nxh4 Ke2 46. Nxf3 Kxf3 47. b4 g2 0-1